| 000 | 00000nam 2200000zi 4500 |
| 001 | 9.881424 |
| 003 | CaOODSP |
| 005 | 20220616155115 |
| 006 | m o d f |
| 007 | cr cn||||||||| |
| 008 | 191030e202001 onca o f000 0 chi d |
| 020 | |a9780660330822 |
| 040 | |aCaOODSP|bfre|erda|cCaOODSP |
| 043 | |an-cn--- |
| 086 | 1 |aHP40-38/2018Ch1-PDF |
| 086 | 1 |aHP40-38/2018Chi1-PDF |
| 245 | 00|a[Guide sur la vaccination à l'intention des parents]. |
| 264 | 1|aOttawa, ON : |bAgence de la santé publique du Canada = Public Health Agency of Canada, |cjanvier 2020. |
| 264 | 4|c©2020 |
| 300 | |a1 ressource en ligne (28 pages) : |billustrations en couleur |
| 336 | |atexte|btxt|2rdacontent/fre |
| 337 | |ainformatique|bc|2rdamedia/fre |
| 338 | |aressource en ligne|bcr|2rdacarrier/fre |
| 500 | |aPublié aussi en français sous le titre : Guide sur la vaccination à l'intention des parents; et en anglais sous le titre : A parent's guide to vaccination. |
| 500 | |aTitre en français fourni par l'éditeur. |
| 500 | |aSur la couverture : Guide sur la vaccination à l'intention des parents - chinois traditionnel. |
| 500 | |a« 190415. » |
| 546 | |aTexte en chinois traditionnel. |
| 650 | 6|aEnfants|xVaccination|zCanada. |
| 710 | 2 |aAgence de santé publique du Canada, |eorganisme de publication. |
| 775 | 08|tGuide sur la vaccination à l'intention des parents.|w(CaOODSP)9.856288 |
| 856 | 40|qPDF|s3.03 Mo|uhttps://publications.gc.ca/collections/collection_2022/aspc-phac/HP40-38-2018-1-chi.pdf |